Ráfagas poéticas / (Record no. 162407)

MARC details
000 -LEADER
campo de control de longitud fija 00936nam a2200205 i 4500
001 - NÚMERO DE CONTROL
campo de control 162407
003 - IDENTIFICADOR DE NÚMERO DE CONTROL
campo de control ES-MaACL
005 - FECHA Y HORA DE LA ÚLTIMA TRANSACCIÓN
campo de control 20240108205824.0
008 - DATOS DE LONGITUD FIJA--INFORMACIÓN GENERAL
campo de control de longitud fija 041115s1865 sp |||| | spa d
040 ## - FUENTE DE CATALOGACIÓN
Centro catalogador/agencia de origen CAM
Lengua de catalogación spa
Centro/agencia transcriptor CAM
100 1# - ENTRADA PRINCIPAL--NOMBRE DE PERSONA
Nombre de persona Pongilioni, Arístides.
9 (RLIN) 131262
245 10 - MENCIÓN DEL TÍTULO
Título Ráfagas poéticas /
Mención de responsabilidad, etc. por Aristides Pongilioni ; con un prólogo de Narciso Campillo.
260 ## - PUBLICACIÓN, DISTRIBUCIÓN, ETC.
Lugar de publicación, distribución, etc. Cádiz :
Nombre del editor, distribuidor, etc. Librería de la Revista Médica,
Fecha de publicación, distribución, etc. 1865 (
Fabricante Imprenta de la Revista Médica, á cargo de Federico Joly y Velasco)
300 ## - DESCRIPCIÓN FÍSICA
Extensión 173, [2] p. ;
Dimensiones 19 cm.
530 ## - NOTA DISPONIBLE DE FORMULARIO FÍSICO ADICIONAL
Nota de formato físico adicional disponible Disponible en formato digital.
700 1# - ENTRADA AGREGADA--NOMBRE PERSONAL
Nombre de persona Campillo y Correa, Narciso,
Fechas asociadas al nombre 1835-1900
9 (RLIN) 34174
852 ## - LOCALIZACIÓN
Ubicación ES-MaACL
Número de control de estantería G-10517
Nota libre -- Enc. en tela con hierros secos y hierros dorados
-- -- An. ms.: ded. de Narciso Campillo al Ateneo de Madrid
856 ## - LOCALIZACIÓN Y ACCESO ELECTRÓNICOS
Identificador Uniforme de Recursos <a href="http://bdh-rd.bne.es/viewer.vm?id=0000237445&page=1 ">http://bdh-rd.bne.es/viewer.vm?id=0000237445&page=1 </a>
Nota pública Biblioteca Digital Hispánica
Holdings
Estatus retirado Estado de pérdida Fuente del sistema de clasificación o colocación Estado de daño No para préstamo Colección Biblioteca de origen Biblioteca actual Ubicación en estantería Fecha de adquisición Total de préstamos Signatura topográfica completa Código de barras Visto por última vez Precio de reemplazo Tipo de ítem Koha Nota pública
    Clasificación decimal universal     Libros con dedicatorias Biblioteca del Ateneo de Madrid Biblioteca del Ateneo de Madrid Sala Pecera Planta 3 17/01/2008   G-10517 1170143 23/02/2023 23/02/2023 Libro impreso antiguo Dedicatoria autógrafa del autor